000 00762cam a22002171 4500
001 g 01001648
003 DLC
005 20260227111255.0
008 890214s1890 gw 000 0 ger
010 _ag 01001648
035 _a(OCoLC)19213358
040 _aDLC
_cWaU
_dDLC
042 _apremarc
050 0 0 _aHB41
_b.S7 bd. 10, heft 3
100 1 _aPringsheim, Otto,
_d1860-
245 1 0 _aBeiträge zur wirtschaftlichen Entwickelungsgeschichte der Vereinigten Niederlande im 17. und 18. Jahrhundert.
_cVon Dr. phil Otto Pringsheim ...
260 _aLeipzig,
_bDuncker & Humblot,
_c1890.
300 _aviii, 126, [2] p.
_c23 cm.
490 0 _aStaats- und sozialwissenschaftliche Forschungen,
_v10. Bd. 3. Hft.
651 0 _aNetherlands
_xEconomic conditions.
999 _c23800
_d23800